000 00398nam a2200145Ia 4500
008 220217s9999||||xx |||||||||||||| ||und||
020 _a81-203-1018-7
082 _a621.382 7 WIL
100 _aWilson, J Hawkes, J.F.B
_93240
245 0 _aOptoelectronics : An intruduction
250 _a2nd
260 _aPrentice hall of india
_bNew Delhi
_c2001
300 _b175
650 _aELECTRONICS
999 _c171238
_d171238